Random Geography #1 - Statistics

General Stats
  • This quiz has been taken 22 times
    8 since last reset
  • The average score is 7 of 14
Answer Stats
Hint Answer % Correct
Biggest Exporter China
100%
Most populated Country India
100%
Biggest Country Russia
71%
Biggest GDP USA
71%
Strongest Military USA
71%
Smallest Country Vatican
71%
Youngest Country South Sudan
57%
Happiest Country Finland
43%
Weakest Military Panama/Costa Rica
29%
Smallest GDP Tuvalu
29%
Smallest Exporter (2022) Tuvalu
29%
Saddest Country Afghanistan
0%
Biggest GDP per Capita Luxembourg
0%
Smallest GDP per Capita Somalia
0%
No matching quizzes found
Score Distribution
Percent of People with Each Score
Percentile by Number Answered
Your Score History
You have not taken this quiz since the last reset